000 00757nam a2200205Ia 4500
003 GCL
008 140319s9999 xx 000 0 ara d
040 _aGCL /
_cGCL
082 0 4 _a336.23
_bم م
100 1 _aمحمود السيد الناغى
245 1 0 _aمنهج المحاسبة عن الضريبة الموحدة على دخل الاشخاص الطبيعيين والضريبة على ارباح شركات الاموال /
_cمحمود السيد الناغى
260 _a[S.N] :
_bمكتبة الانجلوالمصرية ،
_c1994
300 _a460 ص
490 _a
650 0 4 _aالضرائب
650 0 4 _aضرائب الدخل
650 0 4 _aضرائب الارباح التجارية
650 0 4 _aالارباح
942 _2ddc
_cBK
999 _c55878
_d55878